| 000 | 00476nam a22001697a 4500 | ||
|---|---|---|---|
| 003 | NUST - PNEC | ||
| 005 | 20170116181154.0 | ||
| 008 | 160108b xxu||||| |||| 00| 0 eng d | ||
| 020 | _a- | ||
| 040 | _cLIBRARY | ||
| 082 | _a891.439 AKH | ||
| 100 |
_915763 _aAkhtar, Saleem |
||
| 245 |
_aUrdu adab ki mukhtasar tareekh _cDr. Saleem Akhtar |
||
| 260 |
_aLahore: _bSange-e-Meel Publications, _cc1993. |
||
| 650 |
_915766 _aUrdu Literature, History _xGeneral |
||
| 942 |
_2ddc _cBK |
||
| 999 |
_c71123 _d71123 |
||